[Event "YUG-chT2"]
[Site "Tivat"]
[Date "1995.??.??"]
[Round "9"]
[White "Popov, Sinisa S"]
[Black "Sambolec, Zarko"]
[Result "0-1"]
[WhiteElo "2335"]
[BlackElo "2245"]
[PlyCount "78"]
[EventDate "1995.??.??"]
[EventType "team-tourn"]
[EventRounds "11"]
[EventCountry "YUG"]
[SourceTitle "EXT 2002"]
[Source "ChessBase"]
[SourceDate "2001.11.25"]
[SourceVersion "1"]
[SourceVersionDate "2001.11.25"]
[SourceQuality "1"]

1. b4 Nf6 2. Bb2 g6 3. Nf3 Bg7 4. e3 0-0 5. Be2 b6 6. 0-0 c5 7. b5 a6 8. a4 axb5 9. axb5 Rxa1 10. Bxa1 d5 11. c4 d4 12. exd4 Ne8 13. dxc5 Bxa1 14. cxb6 e5 15. Qa4 Bd4 16. Nxd4 exd4 17. c5 Ng7 18. Qa7 Nd7 19. b7 Bxb7 20. c6 Bxc6 21. bxc6 Nb6 22. Rc1 Ne6 23. g3 d3 24. Bxd3 Qxd3 25. Qxb6 Nd4 26. Nc3 Qxd2 27. Qb1 Rc8 28. Kg2 Rxc6 29. Qb8+ Kg7 30. Qe5+ f6 31. Qe7+ Kh6 32. Ne4 Qxc1 33. Qf8+ Kh5 34. h3 Re6 35. Nc5 Re5 36. g4+ Kg5 37. h4+ Kxg4 38. f3+ Nxf3 39. Qc8+ f5 0-1

[Event "YUG-chT2"]
[Site "Tivat"]
[Date "1995.??.??"]
[Round "3"]
[White "Sambolec, Zarko"]
[Black "Kostic, Nebojsa"]
[Result "0-1"]
[WhiteElo "2245"]
[BlackElo "2340"]
[PlyCount "128"]
[EventDate "1995.??.??"]
[EventType "team-tourn"]
[EventRounds "11"]
[EventCountry "YUG"]
[SourceTitle "EXT 2002"]
[Source "ChessBase"]
[SourceDate "2001.11.25"]
[SourceVersion "1"]
[SourceVersionDate "2001.11.25"]
[SourceQuality "1"]

1. Nf3 d5 2. c4 d4 3. g3 c5 4. Bg2 Nc6 5. 0-0 e5 6. d3 Be7 7. e3 g5 8. exd4 cxd4 9. Re1 f6 10. Na3 Bg4 11. Qa4 Qd7 12. Nc2 Bf5 13. Bf1 h5 14. Bd2 h4 15. b4 Bg4 16. Bg2 Nh6 17. b5 Nd8 18. Bb4 Nf5 19. Bxe7 Nxe7 20. Qb4 hxg3 21. fxg3 Bxf3 22. Bxf3 g4 23. Bg2 Ne6 24. Rf1 Kf7 25. Rae1 Kg7 26. Qd2 Rh6 27. Rf2 Rah8 28. Ref1 Qd6 29. Qe2 Ng5 30. Qxg4 Rxh2 31. c5 Rxg2+ 32. Rxg2 Qxc5 33. Ne1 Ng6 34. Qd7+ Qe7 35. Qxe7+ Nxe7 36. Rh2 Rd8 37. Nf3 Nxf3+ 38. Rxf3 Rc8 39. Rhf2 Nd5 40. g4 Ne3 41. Rxf6 Rc1+ 42. Rf1 Nxf1 43. Rxf1 Rc3 44. Rf5 Rxd3 45. Rxe5 Kf6 46. Rf5+ Ke6 47. Rf2 Rc3 48. g5 Rc1+ 49. Kh2 Rc5 50. g6 Rxb5 51. Rg2 Rh5+ 52. Kg1 Rh8 53. g7 Rg8 54. Rg4 Kf6 55. Rxd4 Rxg7+ 56. Kf2 Ke5 57. Rd8 Rh7 58. a3 Rh2+ 59. Ke1 Rh3 60. Rd7 Rb3 61. Kd2 Ke6 62. Rh7 a5 63. a4 Rb4 64. Kc3 Kd6 0-1

[Event "YUG-chT Cup"]
[Site "Becici"]
[Date "1994.??.??"]
[Round "?"]
[White "Sambolec, Zarko"]
[Black "Ostojic, Nikola"]
[Result "0-1"]
[WhiteElo "2245"]
[BlackElo "2450"]
[PlyCount "78"]
[EventDate "1994.??.??"]
[EventType "team-tourn"]
[EventRounds "6"]
[EventCountry "YUG"]
[SourceTitle "EXT 2000"]
[Source "ChessBase"]
[SourceDate "1999.11.16"]
[SourceVersion "1"]
[SourceVersionDate "1999.11.16"]
[SourceQuality "1"]

1. Nc3 c5 2. Nf3 Nc6 3. d4 cxd4 4. Nxd4 Nf6 5. Bg5 Qb6 6. Nb3 e6 7. a3 Be7 8. e4 a6 9. f4 d6 10. Qf3 Qc7 11. Bd3 h6 12. Bh4 g5 13. Bg3 gxf4 14. Bxf4 Ne5 15. Qe2 Bd7 16. h3 h5 17. Rf1 h4 18. Qf2 Bc6 19. Nd4 0-0-0 20. 0-0-0 Rdg8 21. Rfe1 Be8 22. Bf1 Nh5 23. Bxe5 dxe5 24. Nde2 Bc5 25. Qf3 Bc6 26. Rd2 f5 27. Red1 Ng3 28. Kb1 Nxe4 29. Nxe4 Bxe4 30. Qb3 Bd5 31. Rxd5 exd5 32. Rxd5 Rd8 33. Nc3 Bd4 34. Rxd8+ Rxd8 35. Nd5 Qc5 36. Nb4 a5 37. Qe6+ Kb8 38. Nd3 Qd6 39. Qb3 e4 0-1